[Event "Pohár města Říčany 2018"]
[Site "Městské kulturní středisko"]
[Date "2019.08.24"]
[Round "1.16"]
[White "Paulovic, Milan"]
[Black "Groh, Jiri"]
[Result "0-1"]
[WhiteElo "1788"]
[BlackElo "2001"]
[PlyCount "44"]
[EventDate "2019.08.24"]

1. e4 c5 2. Nf3 Nc6 3. Bb5 g6 4. O-O Bg7 5. Re1 Nf6 6. Bxc6 dxc6 7. h3 O-O 8.
d4 cxd4 9. Nxd4 c5 10. Nb3 Qxd1 11. Rxd1 Nxe4 12. f3 Ng3 13. Kf2 Nf5 14. c3 b6
15. Na3 Ba6 16. Bf4 e5 17. Bd2 e4 18. g4 e3+ 19. Bxe3 Nxe3 20. Kxe3 Rae8+ 21.
Kf4 Be5+ 22. Kg5 Bg3 0-1

[Event "Pohár města Říčany 2018"]
[Site "Městské kulturní středisko"]
[Date "2019.08.24"]
[Round "1.21"]
[White "Vlkova, Anezka"]
[Black "Horyna, Josef"]
[Result "0-1"]
[WhiteElo "1973"]
[BlackElo "1763"]
[PlyCount "42"]
[EventDate "2019.08.24"]

1. e4 e6 2. d4 d5 3. Nc3 Nf6 4. e5 Nfd7 5. f4 c5 6. Nf3 Nc6 7. Be3 cxd4 8. Nxd4
Nxd4 9. Bxd4 a6 10. Qg4 h5 11. Qg3 g6 12. Nxd5 exd5 13. e6 Nf6 14. Qg5 Be7 15.
f5 fxe6 16. Qxg6+ Kf8 17. O-O-O exf5 18. Re1 Rg8 19. Qh6+ Kf7 20. Bxf6 Bxf6 21.
Be2 Bg5+ 0-1

[Event "Pohár města Říčany 2018"]
[Site "Městské kulturní středisko"]
[Date "2019.08.24"]
[Round "1.24"]
[White "Hrbek, Tomas"]
[Black "Hejsek, Lukas"]
[Result "1-0"]
[WhiteElo "1744"]
[BlackElo "1948"]
[PlyCount "55"]
[EventDate "2019.08.24"]

1. d4 Nf6 2. c4 c5 3. e3 cxd4 4. exd4 g6 5. Nc3 Bg7 6. Nf3 O-O 7. Bg5 Qa5 8.
Bd3 d5 9. Bxf6 Bxf6 10. cxd5 a6 11. Qd2 Rd8 12. O-O Qb6 13. Bc4 Nd7 14. Rfe1
Qc7 15. Bb3 b5 16. Ne4 Bg7 17. Nfg5 Qb6 18. Nxf7 Rf8 19. d6 e6 20. Bxe6 Nf6 21.
Nxf6+ Bxf6 22. d7 Bxd7 23. Nh6+ Kg7 24. Bxd7 Rad8 25. Re6 Qxd4 26. Re7+ Kh8 27.
Qxd4 Bxd4 28. Nf7+ 1-0

[Event "Pohár města Říčany 2018"]
[Site "Městské kulturní středisko"]
[Date "2019.08.24"]
[Round "1.26"]
[White "Rerabek, Jaroslav"]
[Black "Postupa, Pavel"]
[Result "0-1"]
[WhiteElo "1733"]
[BlackElo "1940"]
[PlyCount "66"]
[EventDate "2019.08.24"]

1. d4 Nf6 2. Bf4 d6 3. e3 g6 4. Nc3 Bg7 5. Bd3 Nbd7 6. Nf3 c5 7. Bb5 O-O 8. Qd2
a6 9. Bxd7 cxd4 10. exd4 Bxd7 11. Bh6 Qb6 12. Bxg7 Kxg7 13. b3 e5 14. dxe5 dxe5
15. O-O Rad8 16. Nd5 Nxd5 17. Qxd5 f6 18. Qe4 Bf5 19. Qe2 Qc5 20. c4 Bd3 21.
Qb2 Bxf1 22. Rxf1 e4 23. b4 Qxc4 24. Ng5 Qd5 25. h4 h6 26. Nh3 g5 27. hxg5 hxg5
28. Rc1 Qd4 29. Rc7+ Rf7 30. Rxf7+ Kxf7 31. Qb3+ Kg6 32. Qe6 Qd1+ 33. Kh2 Qd6+
0-1

[Event "Pohár města Říčany 2018"]
[Site "Městské kulturní středisko"]
[Date "2019.08.24"]
[Round "1.30"]
[White "Otrubova, Kristyna"]
[Black "Steiner, Juraj"]
[Result "0-1"]
[WhiteElo "1712"]
[BlackElo "1920"]
[PlyCount "60"]
[EventDate "2019.08.24"]

1. e4 c5 2. Nf3 d6 3. d4 cxd4 4. Nxd4 Nf6 5. Nc3 a6 6. Bg5 e6 7. f4 h6 8. Bh4
Be7 9. Qf3 Qc7 10. O-O-O Nc6 11. Nxc6 bxc6 12. e5 dxe5 13. fxe5 Nd5 14. Bxe7
Qxe7 15. Ne4 O-O 16. g4 Rb8 17. c3 Bb7 18. Rg1 c5 19. g5 Nxc3 20. gxh6 Bxe4 21.
Rxg7+ Kh8 22. Qxc3 c4 23. Qg3 Rg8 24. Rd4 Qb7 25. Rxg8+ Rxg8 26. Qf4 c3 27.
Qxe4 Qxb2+ 28. Kd1 c2+ 29. Qxc2 Qxd4+ 30. Kc1 Qa1+ 0-1

[Event "Pohár města Říčany 2018"]
[Site "Městské kulturní středisko"]
[Date "2019.08.24"]
[Round "1.32"]
[White "Hampel, Rudolf"]
[Black "Skala, Jaromir"]
[Result "0-1"]
[WhiteElo "1660"]
[BlackElo "1899"]
[PlyCount "68"]
[EventDate "2019.08.24"]

1. e4 e5 2. f4 Bc5 3. Nf3 d6 4. c3 Nf6 5. d4 exd4 6. cxd4 Bb6 7. Nc3 Bg4 8. Be3
Nc6 9. Be2 Qe7 10. e5 dxe5 11. fxe5 O-O-O 12. Bf2 Nd5 13. O-O Nxc3 14. bxc3
Bxf3 15. Bxf3 Nxe5 16. Be2 Rhe8 17. Qb3 Nd7 18. Bg4 Qg5 19. Bf3 Re6 20. c4 c5
21. dxc5 Nxc5 22. Qb5 a6 23. Qb1 Qg6 24. Bd5 Rf6 25. Kh1 Nd3 26. Bh4 Rxf1+ 27.
Qxf1 Rd6 28. Rd1 Ne5 29. Qe2 Qf5 30. Bg3 Ng4 31. Rf1 Rxd5 32. Rxf5 Rxf5 33.
Qe8+ Bd8 34. h3 Rf1# 0-1

[Event "Pohár města Říčany 2018"]
[Site "Městské kulturní středisko"]
[Date "2019.08.24"]
[Round "1.33"]
[White "Smolik, Jachym"]
[Black "Konvalinka, Vladislav"]
[Result "1-0"]
[WhiteElo "1891"]
[BlackElo "1657"]
[PlyCount "56"]
[EventDate "2019.08.24"]

1. d4 d5 2. c4 c6 3. cxd5 cxd5 4. Nc3 Nf6 5. Bf4 Nc6 6. e3 Bf5 7. Qb3 Na5 8.
Qa4+ Bd7 9. Qc2 Rc8 10. Bd3 e6 11. a3 Be7 12. Nf3 Nc6 13. h3 h6 14. g4 Qa5 15.
Rc1 g5 16. Bg3 a6 17. O-O Na7 18. Ne5 Bb5 19. Bxb5+ Nxb5 20. b4 Qd8 21. Qa4 O-O
22. Nxb5 axb5 23. Qxb5 Rxc1 24. Rxc1 Qa8 25. Rc7 Bd6 26. Rxb7 Qxa3 27. Nd7 Bxg3
28. Nxf6+ Kg7 1-0

[Event "Pohár města Říčany 2018"]
[Site "Městské kulturní středisko U labutě"]
[Date "2019.08.24"]
[Round "1.7"]
[White "Rodshtein, Tereza"]
[Black "Jirousek, Tadeas"]
[Result "1-0"]
[WhiteElo "2208"]
[BlackElo "1856"]
[PlyCount "43"]
[EventDate "2019.08.24"]

1. e4 c5 2. Nf3 e6 3. d4 cxd4 4. Nxd4 Nc6 5. Nc3 Nf6 6. Ndb5 d6 7. Bf4 e5 8. Bg5 a6 9. Na3 b5 10. Bxf6 Qxf6 11. Nd5 Qd8 12. c4 bxc4 13. Nxc4 Bb7 14. Rc1 Be7 15. Ncb6 Ra7 16. Qa4 O-O 17. Rxc6 Bxc6 18. Qxc6 f5 19. exf5 Rxf5 20. Nc8 Qa5+ 21. b4 Qxa2 22. Nf6+ 1-0